Biophysik : eine Einführung in die physikalische Analyse biologischer Systeme /

Hlavní autor: Beier, Walter
Jazyk: Němčina
Vydáno: Leipzig : G. Thieme, 1975
Vydání: 4. überarbeitete Auflage
Fyzický popis: 384 s.
Knihy
Uloženo v:
LEADER 00657nam a22002052a 4500
001 001770724
003 CZ BrMZK
005 20210104130724.0
007 ta
008 200924s1975 gw er|||||||||||ger d
040 |a BOA001  |b cze  |e aacr2 
100 1 |a Beier, Walter  |7 jx20040720134  |4 aut 
245 1 0 |a Biophysik :  |b eine Einführung in die physikalische Analyse biologischer Systeme /  |c Walter Beier 
250 |a 4. überarbeitete Auflage 
260 |a Leipzig :  |b G. Thieme,  |c 1975 
300 |a 384 s. 
910 |a BOA001  |b 3-0748.727 
990 |a BK 
991 |b 202009 
996 7 |b 2618897602  |c 3-0748.727  |l MZK  |r Sklad / do 1 hodiny  |n 0  |w 001828507  |u 000010  |a 1  |e BOA001  |j MZK50  |s A